| 000 | 00878nam a2200229Ia 4500 | ||
|---|---|---|---|
| 003 | GCL | ||
| 008 | 140319s9999 xx 000 0 ara d | ||
| 020 | _a0116829953 | ||
| 040 |
_aGCL / _cGCL |
||
| 082 | 0 | 4 |
_a219.3 _bا ج |
| 100 | 1 | _aاحمد الموصللى | |
| 245 | 1 | 0 |
_aجدليات الشورى والديمقراطية : _bالديمقراطية وحقوق الانسان فى الفكر الاسلامى / _cاحمد الموصللى |
| 250 | _aالاولى | ||
| 260 |
_aبيروت : _bمركز دراسات الوحدة العربية ، _c2007 |
||
| 300 |
_a199 ص ؛ _c24 سم |
||
| 650 | 0 | 4 | _aالاسلام والاصلاح السياسى |
| 650 | 0 | 4 | _aالشورى فى الاسلام |
| 650 | 0 | 4 | _aالاسلام والديمقراطية |
| 650 | 0 | 4 | _aالاسلام وحقوق الانسان |
| 650 | 0 | 4 | _aالخطاب الدينى |
| 942 |
_2ddc _cBK |
||
| 999 |
_c9612 _d9612 |
||